| 000 | 00416nam a2200109Ia 4500 | ||
|---|---|---|---|
| 008 | 160909s9999 xx 000 0 und d | ||
| 100 | _aGoss, Glenn R. | ||
| 245 | _aParticipatory action research on emerging practice in psychosocial interventions for survivors of religious persecution | ||
| 260 |
_bCapella University _c2016 |
||
| 650 | _aMASS COM | ||
| 856 | _uhttp://pqdtopen.proquest.com/doc/1775499042.html?FMT=ABS | ||
| 999 |
_c304260 _d304260 |
||